000 00327nam a2200121Ia 4500
005 20260305125859.0
008 191130s9999##################000#0#eng##
020 _a9780521118552
082 _a572.88
_bAPP
245 _aMicrornas: from basic science to disease biology
260 _b[publisher not identified]
942 _cENGLISH
999 _c10322
_d10322